Trouver le joueur NBA / Niveau 3 #2 - Statistiques

Statistiques générales
  • Ce quiz a été pris 455 fois
  • Le résultat moyen est 13 sur 16
Statistiques - réponses
Par images Réponse % Correct
Jarrett Allen
91%
Derrick White
88%
Jeremy Sochan
88%
Michael Porter Jr.
87%
Deandre Ayton
85%
Jusuf Nurkic
84%
Ivica Zubac
83%
Jordan Clarkson
82%
Cam Thomas
80%
Evan Mobley
79%
Jalen Green
79%
Tobias Harris
78%
Buddy Hield
70%
Jalen Williams
68%
Reggie Jackson
62%
Immanuel Quickley
51%
Aucun quiz correspondant
Distribution des résultats
% des personnes avec chaque résultat
Percentile par nombre de réponses
Votre historique - résultats
Vous n’avez pas pris ce quiz